|
|
|
|
| LEADER |
00000cam a2200000 7i4500 |
| 001 |
0000032845 |
| 005 |
20220105104059.0 |
| 008 |
120627 |
| 020 |
|
|
|a 9812745040 (Set)
|
| 020 |
|
|
|a 9812745041
|
| 090 |
0 |
0 |
|a JP
|b EL ENG
|
| 100 |
1 |
|
|a Alexander, Andrian
|
| 245 |
1 |
0 |
|a Shapeys :
|b drip, drip, drip!
|c written and illustrated by Adrian Alexander
|
| 260 |
|
|
|a Sg :
|b Teachers@work ,
|c [s.n]
|
| 440 |
|
|
|a Shapeys; Level 2 Book C (Life Skills)
|
| 500 |
|
|
|a Children age 4-6 years old (yellow)
|
| 650 |
|
0 |
|a Early childhood education
|
| 650 |
|
0 |
|a English fiction
|
| 999 |
|
|
|a 0001142094
|b Book
|c Children Collection
|e Cawangan Taman Universiti
|
| 999 |
|
|
|a 0001142095
|b Book
|c Children Collection
|e Perbadanan Perpustakaan Awam Johor
|
| 999 |
|
|
|a 0001142096
|b Book
|c Children Collection
|e Perbadanan Perpustakaan Awam Johor
|
| 999 |
|
|
|a 0001142097
|b Book
|c Children Collection
|e Cawangan Bandar Penawar
|
| 999 |
|
|
|a 0001142098
|b Book
|c Children Collection
|e Cawangan Pontian
|
| 999 |
|
|
|a 0001142099
|b Book
|c Children Collection
|e Cawangan Taman Sri Lambak
|
| 999 |
|
|
|a 0001142101
|b Book
|c Children Collection
|e Cawangan Tangkak
|